De quel jeu Mario s'agit-il ? - Statistiques

Statistiques générales
  • Ce quiz a été pris 41 fois
  • Le résultat moyen est 12 sur 20
Statistiques - réponses
Par images Réponse % Correct
Mario Kart 7
89%
Mario Kart Double Dash
86%
Super Mario Sunshine
86%
Super Mario 64
83%
Super Mario Odyssey
83%
Super Mario Bros
78%
Mario Kart 8 Deluxe
72%
Super Mario Galaxy 2
72%
Super Mario Galaxy
67%
New Super Mario Bros Wii
61%
Super Mario Bros 3
56%
Super Mario World
53%
Super Mario 3DLand
50%
Super Mario Bros Wonder
47%
Paper Mario: La Porte Millénaire
42%
Super Mario Run
42%
Mario & Luigi: Voyage au centre de Bowser
28%
Super Paper Mario
28%
Mario & Luigi: Les Frères du Temps
25%
Mario & Luigi: Superstar Saga
22%
Aucun quiz correspondant
Distribution des résultats
% des personnes avec chaque résultat
Percentile par nombre de réponses
Votre historique - résultats
Vous n’avez pas pris ce quiz